|
|
|
|
| LEADER |
00000nam a2200000 a 4500 |
| 001 |
vtls010559397 |
| 003 |
SK-MaSNL |
| 005 |
20260301174630.0 |
| 008 |
240315s2013 xo a e n 000 0 slo |
| 015 |
|
|
|a SNBA2013/11
|
| 020 |
|
|
|a 9788055803784
|q (viaz.)
|
| 035 |
|
|
|a C4D97C65-3523-4407-A70F-D8FD2EE8AF8B
|
| 035 |
|
|
|a urn:nbn:sk:snk-amkyrm
|
| 035 |
|
|
|a urn:nbn:sk:snk-am008prc
|
| 040 |
|
|
|a SNK
|b slo
|c SNK
|e AACR2
|
| 041 |
0 |
|
|a slo
|a fre
|
| 044 |
|
|
|a xo
|c SK
|
| 072 |
|
7 |
|a 811.133.1
|x Francúzština
|2 konspekt
|
| 080 |
|
|
|a 811.133.1
|2 2001
|
| 080 |
|
|
|a 81'24
|2 2001
|
| 080 |
|
|
|a 316.774
|2 2001
|
| 080 |
|
|
|a (075.8)
|2 2001
|
| 100 |
1 |
|
|a Švarbová, Eva,
|d 1954-
|4 aut
|9 199327
|
| 245 |
1 |
0 |
|a Vyučovanie francúzskeho jazyka ako odborného jazyka (FOS) pre masmediálne štúdia
|c Eva Švarbová, Lefébvre, Jacques, Tardy, Stéphane
|
| 250 |
|
|
|a 1. vyd.
|
| 260 |
|
|
|a Nitra
|b Univerzita Konštantína Filozofa, Filozofická fakulta
|c 2013
|
| 300 |
|
|
|a 116 s.
|b ilustr., tab.
|c 22 cm
|
| 366 |
|
|
|e 450 výt.
|
| 504 |
|
|
|a Bibliogr.: s. 111-113
|
| 650 |
0 |
7 |
|a francúzština
|2 SNKPH
|9 1355
|
| 650 |
0 |
7 |
|a French language
|2 SNKPHeng
|9 277849
|
| 650 |
0 |
7 |
|a Language teaching and learning
|2 SNKPHeng
|9 267180
|
| 650 |
0 |
7 |
|a vyučovanie jazykov
|2 SNKPH
|9 31418
|
| 650 |
0 |
7 |
|a masmédiá
|2 SNKPH
|9 1418
|
| 650 |
0 |
7 |
|a Mass media
|2 SNKPHeng
|9 90498
|
| 655 |
|
7 |
|a učebnice vysokých škôl
|2 SNKPH
|9 70191
|
| 655 |
|
7 |
|a Textbooks (higher)
|2 SNKPHeng
|9 276436
|
| 700 |
1 |
|
|a Lefébvre, Jacques
|4 aut
|9 547334
|
| 700 |
1 |
|
|a Tardy, Stéphane
|4 aut
|9 334259
|
| 919 |
|
|
|a 978-80-558-0378-4
|
| 958 |
|
|
|a NB
|
| 999 |
|
|
|c 840149
|d 842079
|
| 952 |
|
|
|a SNK
|b SNK
|y PREZ
|7 0
|p 17A1093136
|o snkSC 156923
|i snk2013/28237
|8 0
|0 0
|1 0
|4 0
|d 2013-11-19
|f 1
|l 0
|r 2025-08-19 00:00:00
|w 2026-02-24
|
| 952 |
|
|
|a SNK
|b SNK
|y VYP
|7 0
|p 17A1093137
|o snkSC 156923 D1
|i snk2013/28238
|8 0
|0 0
|1 0
|4 0
|d 2013-11-19
|l 0
|r 2026-02-24 04:08:14
|w 2026-02-24
|